| 000 | 00537nam a2200181 a 4500 | ||
|---|---|---|---|
| 001 | 5793 | ||
| 003 | CO-ViMGA | ||
| 008 | 141112s2004 ck r 000 u spa d | ||
| 040 |
_aCO-ViMGA _bspa _cCO-ViMGA |
||
| 082 | 0 | 4 | _a540 Q845 |
| 245 | 1 | 0 |
_aQuimica : _bCiencias puras y aplicadas |
| 260 |
_aSantafé de Bogotá : _bPanAméricana, _c1996 |
||
| 300 | _a2 v., 24 p (c/u) | ||
| 490 | _aCiencias puras y aplicadas, 5 y 6 | ||
| 500 | _aVol. y núm. : 2 v. | ||
| 650 | 1 | 4 |
_aQUIMICA INORGANICA - PROBLEMAS Y SOLUCIONES _94305 |
| 942 |
_2ddc _cBK |
||
| 999 |
_c17771 _d17771 |
||